| 000 | 01128cam a22003493a 4500 | ||
|---|---|---|---|
| 001 | 31459 | ||
| 003 | PGUSA | ||
| 005 | 20140828083700.0 | ||
| 008 | 100301s2010||||xxu|||||s|||||000 1 eng d | ||
| 040 |
_aPGUSA _beng |
||
| 042 | _adc | ||
| 050 | 4 | _aPS | |
| 100 | 1 |
_aStowe, Harriet Beecher, _d1811-1896 |
|
| 245 | 1 | 0 |
_aOnkel Tom's Hütte : _boder die Geschichte eines christlichen Sklaven. Band 1 (von 3). _h[electronic resource] / _cHarriet Beecher Stowe |
| 260 |
_bProject Gutenberg, _c2010 |
||
| 506 | _aPublic domain in the USA. | ||
| 516 | _aElectronic text | ||
| 653 | _aMaster and servant -- Fiction | ||
| 653 | _aFugitive slaves -- Fiction | ||
| 653 | _aSlaves -- Fiction | ||
| 653 | _aPlantation life -- Fiction | ||
| 653 | _aUncle Tom (Fictitious character) -- Fiction | ||
| 653 | _aAfrican Americans -- Fiction | ||
| 653 | _aSlavery -- Fiction | ||
| 653 | _aDidactic fiction | ||
| 653 | _aSouthern States -- Fiction | ||
| 653 | _aPolitical fiction | ||
| 740 | 0 | _aUncle Tom's Cabin. German | |
| 830 | 0 |
_aProject Gutenberg _v31459 |
|
| 856 | 4 | 0 | _uhttp://www.gutenberg.org/ebooks/31459 |
| 942 | _cEB | ||
| 999 |
_c260714 _d260714 |
||